000 00319nam a22001217a 4500
999 _c2892
_d2892
005 20200925104324.0
008 200925b ||||| |||| 00| 0 eng d
020 _a0435901362
040 _cCML
245 _aThe Blinkards.
_cSekyi, K.
260 _aLondon
_bHeinemann Educational Books Ltd.
_c1974
942 _2ddc
_cBK
_kF
_mSEK